000 00422nam a2200145Ia 4500
008 220204s9999 xx 000 0 und d
082 _a575:63:58/581
_bFRA
245 0 _aGenetic resources in plants : Their exploration and conservation
260 _aOxford
_bBlackwell
_c1970
650 _aGene resource conservation
650 _aPlant genetic resource
700 _aBennett, E
700 _aFrankel, O H
942 _cBK
999 _c35491
_d35491